| 000 | 01237nam a22003497a 4500 | ||
|---|---|---|---|
| 003 | CHAP | ||
| 005 | 20220817042549.0 | ||
| 008 | 971013s1995 r 00010 d | ||
| 010 | _a48202 | ||
| 011 | _a49174 | ||
| 035 | _a53322 | ||
| 040 | _cCHAP | ||
| 090 | _aTesis | ||
| 100 | 0 | 0 |
_aSánchez López, Vladimir. _9107663 |
| 245 | _aCaracterización y evaluación de la respuesta de adaptación de cuatro variedades de frijol Phaseolus vulgaris L. en la Región Lagunera | ||
| 260 |
_aBermejillo, Dgo. : _bEl autor, _c1995 |
||
| 300 | _a46 h. | ||
| 502 | _aTesis (Ing. Agr. Esp. en Zonas Aridas) -- UACH. Departamento de Zonas Aridas | ||
| 590 |
_aALEPH _b10 _c20130110 _lUCH01 _h1319 |
||
| 590 |
_aBATCH-UPD _b10 _c20130110 _lUCH01 _h1206 |
||
| 590 |
_aBATCH-UPD _b10 _c20130410 _lUCH01 _h0747 |
||
| 590 |
_aBATCH-UPD _b10 _c20130913 _lUCH01 _h1927 |
||
| 590 |
_aCONVERSION _b10 _c20130109 _lUCH01 _h1326 |
||
| 650 | 1 | 4 |
_aAdaptación vegetal. _9880 |
| 650 | 1 | 4 |
_aFrijol _xFisiología y morfología. _943380 |
| 650 | 1 | 4 |
_aFrijol _xGenética. |
| 650 | 1 | 4 |
_aFrijol _xVariedades. _943446 |
| 901 | _aBK | ||
| 942 | _cFOLL | ||
| 949 |
_bBC _cTES _d-118317 _eTS1 _h28211 _i53322 _si |
||
| 949 |
_bBC _cTES _d33724000007274 _eTS2 _fc.2 _h28212 _i53322 _si |
||
| 999 |
_c48202 _d48202 |
||